000 00608nam a22001937a 4500
005 20251108164101.0
008 250721s2012 xx 000 0 ara d
082 1 4 _a956.3/ألو
100 1 _aالآلوسي، سؤدد فؤاد
245 1 0 _aالغزو الأمريكي للعراق حقائق وأرقام /
264 1 _aعمان :
_bدار المعتز للنشر والتوزيع،
_c2012.
300 _a249ص.
650 1 7 _aالتاريخ
650 1 7 _aالعراق
650 1 7 _aالولايات المتحدة
650 1 7 _aالاحتلال العسكري
942 _2ddc
_cBK
999 _c3190
_d3190